Contemporary authors : (Record no. 9989)

MARC details
000 -LEADER
fixed length control field 01042nac a22002891u 4500
010 ## -
-- 81640179
022 0# -
-- 0810319004 :
035 ## - SYSTEM CONTROL NUMBER
System control number (OCoLC)ocm06921683
082 0# - DEWEY DECIMAL CLASSIFICATION NUMBER
Classification number 928.105
Item number CON
090 ## - LOCALLY ASSIGNED LC-TYPE CALL NUMBER (OCLC); LOCAL CALL NUMBER (OCLC)
-- 9989
-- 9989
100 ## - MAIN ENTRY--PERSONAL NAME
Personal name 20080729
245 10 - TITLE STATEMENT
Title Contemporary authors :
Remainder of title A Bio- Bibliographical Guide to Current Writers in Fiction, General Nofiction, Poetry, Journalism, Drama, Motion Pictures, Television, and other fields /
260 ## -
-- Detroit :
-- Gale Research Inc.,
300 ## - PHYSICAL DESCRIPTION
Extent v.
Dimensions 27 cm.
336 ## - CONTENT TYPE
Source rdacontent
Content type term text
Content type code txt
337 ## - MEDIA TYPE
Media type term unmediated
Source rdamedia
Media type code n
338 ## - CARRIER TYPE
Carrier type term volume
Carrier type code nc
Source rdacarrier
440 ## -
-- Contemporary authors;
500 ## - GENERAL NOTE
General note Donations.
500 ## - GENERAL NOTE
General note Donations - AUC.
504 ## - BIBLIOGRAPHY, ETC. NOTE
Bibliography, etc Includes bibliographical references.
511 ## -
-- Catalogued by: Sara.
650 ## - SUBJECT ADDED ENTRY--TOPICAL TERM
Topical term or geographic name as entry element Authors, American -- Biography -- Periodicals.
650 ## - SUBJECT ADDED ENTRY--TOPICAL TERM
Topical term or geographic name as entry element United States -- Bio-bibliography -- Periodicals.
650 ## - SUBJECT ADDED ENTRY--TOPICAL TERM
Topical term or geographic name as entry element Encyclopedias and dictionaries
942 ## - ADDED ENTRY ELEMENTS (KOHA)
Koha item type NB - Book (Non borrowing)
Call number prefix 928.105CON
Classification part RDA-MOD
Holdings
Withdrawn status Lost status Damaged status Not for loan Home library Current library Shelving location Date acquired Source of acquisition Total Checkouts Full call number Barcode Date last seen Price effective from Koha item type Date checked out Materials specified (bound volume or other part)
        Central Library Central Library Second Floor 17/07/2008 Purchase   928.105CON 000013062 24/08/2022 17/07/2008 NB - Book (Non borrowing)    
        Central Library Central Library Second Floor 17/07/2008 Purchase   928.105CON 000013063 24/08/2022 17/07/2008 NB - Book (Non borrowing)    
        Central Library Central Library Second Floor 17/07/2008 Purchase   928.105CON 000013064 24/08/2022 17/07/2008 NB - Book (Non borrowing)    
        Central Library Central Library Second Floor 17/07/2008 Purchase   928.105CON 000013065 24/08/2022 17/07/2008 NB - Book (Non borrowing)    
        Central Library Central Library Second Floor 17/07/2008 Purchase   928.105CON 000013066 24/08/2022 17/07/2008 NB - Book (Non borrowing)    
        Central Library Central Library Second Floor 17/07/2008 Purchase   928.105CON 000013067 24/08/2022 17/07/2008 NB - Book (Non borrowing)    
        Central Library Central Library Second Floor 17/07/2008 Purchase   928.105CON 000013068 24/08/2022 17/07/2008 NB - Book (Non borrowing)    
        Central Library Central Library Second Floor 17/07/2008 Purchase   928.105CON 000013069 24/08/2022 17/07/2008 NB - Book (Non borrowing)    
        Central Library Central Library Second Floor 17/07/2008 Purchase   928.105CON 000013070 24/08/2022 17/07/2008 NB - Book (Non borrowing)    
        Central Library Central Library Second Floor 17/07/2008 Purchase   928.105CON 000013071 24/08/2022 17/07/2008 NB - Book (Non borrowing)    
        Central Library Central Library Second Floor 17/07/2008 Purchase   928.105CON 000013072 24/08/2022 17/07/2008 NB - Book (Non borrowing)    
        Central Library Central Library Second Floor 17/07/2008 Purchase   928.105CON 000013073 24/08/2022 17/07/2008 NB - Book (Non borrowing)    
        Central Library Central Library Second Floor 17/07/2008 Purchase   928.105CON 000013074 24/08/2022 17/07/2008 NB - Book (Non borrowing)    
        Central Library Central Library Second Floor 17/07/2008 Purchase   928.105CON 000013075 24/08/2022 17/07/2008 NB - Book (Non borrowing)    
        Central Library Central Library Second Floor 17/07/2008 Purchase   928.105CON 000013076 24/08/2022 17/07/2008 NB - Book (Non borrowing)    
        Central Library Central Library Second Floor 17/07/2008 Purchase   928.105CON 000013077 24/08/2022 17/07/2008 NB - Book (Non borrowing)    
        Central Library Central Library Second Floor 17/07/2008 Purchase 1 928.105CON 000013078 24/08/2022 17/07/2008 NB - Book (Non borrowing) 16/12/2008  
        Central Library Central Library Second Floor 17/07/2008 Purchase   928.105CON 000013079 24/08/2022 17/07/2008 NB - Book (Non borrowing)   Lost In Inventory_2018-08-12